<?xml version="1.0" encoding="UTF-8"?>
<record
    xmlns:xsi="http://www.w3.org/2001/XMLSchema-instance"
    xsi:schemaLocation="http://www.loc.gov/MARC21/slim http://www.loc.gov/standards/marcxml/schema/MARC21slim.xsd"
    xmlns="http://www.loc.gov/MARC21/slim">

  <leader>03394cam a2200397 i 4500</leader>
  <datafield tag="999" ind1=" " ind2=" ">
    <subfield code="c">29304</subfield>
    <subfield code="d">29275</subfield>
  </datafield>
  <controlfield tag="001">20957007</controlfield>
  <controlfield tag="003">EG-ScBUE</controlfield>
  <controlfield tag="005">20210803095613.0</controlfield>
  <controlfield tag="008">190501s2019    enk    f b    001 0 eng d</controlfield>
  <datafield tag="020" ind1=" " ind2=" ">
    <subfield code="a">9781849467308 (paperback)</subfield>
  </datafield>
  <datafield tag="040" ind1=" " ind2=" ">
    <subfield code="a">DLC</subfield>
    <subfield code="b">eng</subfield>
    <subfield code="e">rda</subfield>
    <subfield code="c">DLC</subfield>
    <subfield code="d">EG-ScBUE</subfield>
  </datafield>
  <datafield tag="082" ind1="0" ind2="4">
    <subfield code="a">342.085</subfield>
    <subfield code="b">SEC</subfield>
    <subfield code="2">22</subfield>
  </datafield>
  <datafield tag="245" ind1="0" ind2="0">
    <subfield code="a">Security and human rights /</subfield>
    <subfield code="c">edited by Benjamin J. Goold and Liora Lazarus.</subfield>
  </datafield>
  <datafield tag="250" ind1=" " ind2=" ">
    <subfield code="a">Second edition.</subfield>
  </datafield>
  <datafield tag="264" ind1=" " ind2="1">
    <subfield code="a">Oxford ;</subfield>
    <subfield code="a">Chicago, Illinois :</subfield>
    <subfield code="b">Hart, an imprint of Bloomsbury,</subfield>
    <subfield code="c">2019.</subfield>
  </datafield>
  <datafield tag="300" ind1=" " ind2=" ">
    <subfield code="a">xiii, 520 pages </subfield>
    <subfield code="c">24 cm.</subfield>
  </datafield>
  <datafield tag="336" ind1=" " ind2=" ">
    <subfield code="a">text</subfield>
    <subfield code="b">txt</subfield>
    <subfield code="2">rdacontent</subfield>
  </datafield>
  <datafield tag="337" ind1=" " ind2=" ">
    <subfield code="a">unmediated</subfield>
    <subfield code="b">n</subfield>
    <subfield code="2">rdamedia</subfield>
  </datafield>
  <datafield tag="338" ind1=" " ind2=" ">
    <subfield code="a">volume</subfield>
    <subfield code="b">nc</subfield>
    <subfield code="2">rdacarrier</subfield>
  </datafield>
  <datafield tag="490" ind1="0" ind2=" ">
    <subfield code="a">Hart studies in security and justice ;</subfield>
    <subfield code="v">volume 6</subfield>
  </datafield>
  <datafield tag="504" ind1=" " ind2=" ">
    <subfield code="a">Includes bibliographical references and index.</subfield>
  </datafield>
  <datafield tag="505" ind1="0" ind2=" ">
    <subfield code="a">Security and human rights : finding a language of resilience and inclusion / Liora Lazarus and Benjamin J Goold -- Torture and othering / Natasa Mavronicola -- Their bodies, ourselves : muslim women's clothing at the intersection of rights, security, and extremism / Rumee Ahmed and Ayesha S Chaudhry -- The uses of religious identity, practice, and dogma in "soft" and "hard" counterterrorism / Aziz Z Huq -- Curtailing citizenship rights as counterterrorism / Lucia Zedner -- Trusted travelers and trojan horses : security, privacy, and privilege at the border / Benjamin J Goold -- Secrecy as a meta-paradigmatic challenge / Liora Lazarus -- Accountability mechanisms for transnational counterterrorism / Kent Roach -- Security and human rights after the nationalist backlash / Victor Ramraj -- The demise of rights as trumps / Robert Diab -- Violence, human rights, and security / Chetan Bhatt -- Privacy versus security : the challenge of striking a balance / Arianna Vedaschi -- Anonymity for victims in terrorism cases at the special tribunal for lebanon : security and human rights at work in international criminal justice / Juan-Pablo P&#xE9;rez-Le&#xF3;n Acevedo -- The legal death of rebellion : counterterrorism laws and the shrinking legal freedom of violent political resistance / Ben Saul -- Indirectly inciting terrorism : crimes of expression and the limits of the law / Helen Duffy and Kate Pitcher -- Oversight of the state of emergency in france / Marc-Antoine Granger -- Bounded factuality : the targeted killing of salah shehadeh and the legal epistemology of risk / Shiri Krebs -- The counterterrorism complex / Andreas Armborst -- Security and human rights in the context of forced migration / David Irvine and Travers McLeod.</subfield>
  </datafield>
  <datafield tag="650" ind1=" " ind2="7">
    <subfield code="a">Civil rights.</subfield>
    <subfield code="2">BUEsh</subfield>
  </datafield>
  <datafield tag="650" ind1=" " ind2="7">
    <subfield code="a">National security</subfield>
    <subfield code="x">Law and legislation.</subfield>
    <subfield code="2">BUEsh</subfield>
  </datafield>
  <datafield tag="650" ind1=" " ind2="7">
    <subfield code="a">National security</subfield>
    <subfield code="x">Philosophy.</subfield>
    <subfield code="2">BUEsh</subfield>
  </datafield>
  <datafield tag="650" ind1=" " ind2="7">
    <subfield code="a">Terrorism</subfield>
    <subfield code="x">Prevention</subfield>
    <subfield code="x">Law and legislation.</subfield>
    <subfield code="2">BUEsh</subfield>
  </datafield>
  <datafield tag="653" ind1=" " ind2=" ">
    <subfield code="b">LLAAWW</subfield>
    <subfield code="c">August2021</subfield>
  </datafield>
  <datafield tag="655" ind1=" " ind2=" ">
    <subfield code="v">Reading book</subfield>
    <subfield code="9">34232</subfield>
  </datafield>
  <datafield tag="700" ind1="1" ind2=" ">
    <subfield code="a">Goold, B. J.</subfield>
    <subfield code="q">(Benjamin Jervis),</subfield>
    <subfield code="d">1970-</subfield>
    <subfield code="e">editor.</subfield>
  </datafield>
  <datafield tag="700" ind1="1" ind2=" ">
    <subfield code="a">Lazarus, Liora,</subfield>
    <subfield code="e">editor.</subfield>
    <subfield code="9">38712</subfield>
  </datafield>
  <datafield tag="776" ind1="0" ind2="8">
    <subfield code="i">Online version:</subfield>
    <subfield code="t">Security and human rights</subfield>
    <subfield code="b">Second edition.</subfield>
    <subfield code="d">Oxford ; Chicago, Illinois : Hart, an imprint of Bloomsbury, 2019</subfield>
    <subfield code="z">9781509917778</subfield>
    <subfield code="w">(DLC) 2019022295</subfield>
  </datafield>
  <datafield tag="906" ind1=" " ind2=" ">
    <subfield code="a">7</subfield>
    <subfield code="b">cbc</subfield>
    <subfield code="c">orignew</subfield>
    <subfield code="d">1</subfield>
    <subfield code="e">ecip</subfield>
    <subfield code="f">20</subfield>
    <subfield code="g">y-gencatlg</subfield>
  </datafield>
  <datafield tag="942" ind1=" " ind2=" ">
    <subfield code="2">ddc</subfield>
    <subfield code="c">BB</subfield>
  </datafield>
  <datafield tag="952" ind1=" " ind2=" ">
    <subfield code="0">0</subfield>
    <subfield code="1">0</subfield>
    <subfield code="2">ddc</subfield>
    <subfield code="4">0</subfield>
    <subfield code="7">0</subfield>
    <subfield code="8">Academic</subfield>
    <subfield code="a">MAIN</subfield>
    <subfield code="b">MAIN</subfield>
    <subfield code="c">1ST</subfield>
    <subfield code="d">2021-08-03</subfield>
    <subfield code="e">Purchase</subfield>
    <subfield code="g">880.00</subfield>
    <subfield code="h">31174</subfield>
    <subfield code="l">0</subfield>
    <subfield code="o">342.085 SEC</subfield>
    <subfield code="p">000050470</subfield>
    <subfield code="r">2025-07-15 00:00:00</subfield>
    <subfield code="v">1100.00</subfield>
    <subfield code="w">2021-08-03</subfield>
    <subfield code="y">BB</subfield>
  </datafield>
</record>
